000 00495nam a22001457a 4500
082 _a621.3
100 _aHasan, Bakhtawar
245 _aImage deblurring using superpixels, Framelet transform and total variation /
_cBakhtawar Hasan.
260 _aIslamabad:
_bCEME - NUST,
_c2017.
300 _a54p.: ill.;
_c30cm.
650 _aElectrical Engineering - MS Theses.
_926977
700 _aSup: Dr. Tahir Zaidi.
_934618
942 _2ddc
_cTHE
999 _c540733
_d540733